[Event "AUT2O-chT 1998/99"]
[Site "Stockerau"]
[Date "1999.03.13"]
[Round "10.4"]
[White "Weiss, Karl"]
[Black "Steinert, Martin"]
[Result "1-0"]
[WhiteElo "2185"]
[BlackElo "2145"]
[PlyCount "85"]
[EventDate "1999.03.13"]

1. d4 d5 2. Nf3 Nf6 3. Bg5 h6 4. Bxf6 exf6 5. e3 Bd6 6. g3 c6 7. Nbd2 O-O 8.
Bg2 Re8 9. O-O Bg4 10. c4 dxc4 11. Nxc4 Bf8 12. Qc2 Na6 13. a3 Nc7 14. b4 Nb5
15. Nfd2 Rc8 16. Qb2 Be6 17. a4 Nd6 18. Rfc1 Nxc4 19. Nxc4 b6 20. Nd2 c5 21.
dxc5 bxc5 22. b5 Bd6 23. Rab1 Be5 24. Qc2 c4 25. Bc6 c3 26. Nf3 Rxc6 27. bxc6
Qd5 28. Nxe5 fxe5 29. Qxc3 Bh3 30. e4 Qxe4 31. f3 Qxa4 32. c7 e4 33. Rb4 Qa2
34. Qc2 Qa3 35. Qc3 Qa2 36. Rb2 Qe6 37. Qc6 Qe5 38. Qxe4 Qxb2 39. Qxe8+ Kh7 40.
Qe4+ g6 41. Qc2 Qb6+ 42. Qf2 Qb7 43. g4 1-0

[Event "AUT2O-chT 1998/99"]
[Site "Stockerau"]
[Date "1999.03.14"]
[Round "11.2"]
[White "Sommerbauer, Norbert"]
[Black "Wiedner, Robert"]
[Result "1/2-1/2"]
[WhiteElo "2400"]
[BlackElo "2190"]
[PlyCount "85"]
[EventDate "1999.03.13"]

1. Nf3 c5 2. c4 Nf6 3. Nc3 g6 4. d4 cxd4 5. Nxd4 Bg7 6. e4 d6 7. Be2 O-O 8. O-O
Nc6 9. Be3 Nd7 10. Qd2 Nde5 11. Rfd1 Nxd4 12. Bxd4 Be6 13. b3 Nc6 14. Bxg7 Kxg7
15. Qb2 Qc8 16. Rac1 f6 17. Nd5 b6 18. f4 Qb7 19. Bf3 Rac8 20. Qe2 Qd7 21. Kh1
Kh8 22. Ne3 Qe8 23. Bg4 Qf7 24. f5 gxf5 25. exf5 Bd7 26. Bf3 Ne5 27. Bd5 Qg7
28. Rf1 Bc6 29. Bxc6 Rxc6 30. Nd5 Qf7 31. Qd2 Rg8 32. a4 Rc5 33. Rc3 Rg5 34.
Rh3 Rc8 35. a5 Rb8 36. Qf2 Rbg8 37. axb6 axb6 38. Nxb6 Rxg2 39. Qxg2 Rxg2 40.
Kxg2 e6 41. fxe6 Qxe6 42. Nd5 Ng4 43. Kg1 1/2-1/2

[Event "AUT2O-chT 1998/99"]
[Site "Stockerau"]
[Date "1999.03.14"]
[Round "11.3"]
[White "Hechl, Gerald"]
[Black "Poecksteiner, Johann"]
[Result "1/2-1/2"]
[WhiteElo "2190"]
[BlackElo "2205"]
[PlyCount "28"]
[EventDate "1999.03.13"]

1. e4 c5 2. Nf3 Nc6 3. Bb5 g6 4. O-O Bg7 5. Qe2 Nf6 6. e5 Ng4 7. Bxc6 bxc6 8.
h3 Nh6 9. d3 O-O 10. Nbd2 d6 11. Ne4 f6 12. exf6 exf6 13. Bf4 Nf7 14. Rfe1 g5
1/2-1/2

[Event "AUT2O-chT 1998/99"]
[Site "Stockerau"]
[Date "1999.03.14"]
[Round "11.4"]
[White "Steiner, Heinz"]
[Black "Weiss, Karl"]
[Result "0-1"]
[WhiteElo "2160"]
[BlackElo "2185"]
[PlyCount "96"]
[EventDate "1999.03.13"]

1. c4 Nf6 2. Nc3 e6 3. e3 d5 4. b3 Nbd7 5. Bb2 g6 6. cxd5 e5 7. Be2 Nc5 8. d4
exd4 9. Qxd4 b6 10. b4 Ncd7 11. Bb5 Bg7 12. Bc6 Rb8 13. Nf3 O-O 14. O-O Ne8 15.
Qd3 Qe7 16. a3 a5 17. Rac1 Nd6 18. Nd1 Bxb2 19. Nxb2 Nf6 20. Nc4 Ba6 21. b5
Bxb5 22. Bxb5 Nxb5 23. Nce5 Na7 24. Qa6 Ra8 25. Qb7 Rfc8 26. Rc4 Ne8 27. Nc6
Qf6 28. Ncd4 Nd6 29. Rc6 Kg7 30. Rxd6 Qxd6 31. e4 Rcb8 32. Qa6 c6 33. dxc6 Nxc6
34. Qc4 Ne5 35. Qc3 Rc8 36. Qb2 Nxf3+ 37. Nxf3+ Kg8 38. h3 Rc5 39. e5 Qc7 40.
Re1 Re8 41. Rb1 b5 42. Qd4 h6 43. Re1 Kh7 44. Qh4 Rc1 45. Rxc1 Qxc1+ 46. Kh2
Qxa3 47. Ng5+ Kg7 48. Ne4 Qe7 0-1

[Event "AUT2O-chT 1998/99"]
[Site "Stockerau"]
[Date "1999.03.14"]
[Round "11.1"]
[White "Knoflicek, Ctibor"]
[Black "Kasanicky, Richard"]
[Result "1-0"]
[WhiteElo "2165"]
[BlackElo "2210"]
[PlyCount "70"]
[EventDate "1999.03.13"]

1. c4 Nf6 2. Nf3 g6 3. Nc3 Bg7 4. e4 d6 5. d4 O-O 6. Be2 e5 7. O-O Nc6 8. d5
Ne7 9. Ne1 Nd7 10. Nd3 f5 11. Bd2 Nf6 12. f3 f4 13. g4 h5 14. h3 Nh7 15. Kg2 c6
16. Be1 Bf6 17. Bf2 Kg7 18. Rh1 Bd7 19. b4 cxd5 20. cxd5 hxg4 21. hxg4 Ng5 22.
a4 Nc8 23. Rc1 Qe8 24. Nb2 Bd8 25. Bb5 Rh8 26. Bxd7 Qxd7 27. Rxh8 Kxh8 28. Qh1+
Kg8 29. Qh6 Qh7 30. Qxh7+ Nxh7 31. Nb5 Kf7 32. Rxc8 Rxc8 33. Nxd6+ Kf8 34. Nxc8
a5 35. Bc5+ Kg7 1-0

[Event "AUT2O-chT 1998/99"]
[Site "Stockerau"]
[Date "1999.03.14"]
[Round "11.2"]
[White "Bachofner, Andreas"]
[Black "Kuthan, Andreas"]
[Result "1-0"]
[WhiteElo "2165"]
[BlackElo "2190"]
[PlyCount "67"]
[EventDate "1999.03.13"]

1. b3 c5 2. Bb2 Nc6 3. c4 e6 4. g3 Nf6 5. Bg2 b6 6. e4 e5 7. Ne2 g6 8. O-O Bg7
9. Nbc3 O-O 10. f4 d6 11. d3 Bd7 12. h3 Ne8 13. Nd5 Nd4 14. Nxd4 exd4 15. f5
Be5 16. Qf3 f6 17. h4 Rf7 18. Bc1 Rb8 19. g4 Nc7 20. Nf4 g5 21. hxg5 fxg5 22.
Nh5 h6 23. Kf2 Ne8 24. Rh1 Nf6 25. Qh3 Ne8 26. a4 a6 27. Bd2 a5 28. Raf1 Rh7
29. Ke2 Qe7 30. Qf3 Nf6 31. Rh3 Re8 32. Rfh1 Qf8 33. Bxg5 Nxe4 34. dxe4 {Zeit}
1-0

[Event "AUT2O-chT 1998/99"]
[Site "Stockerau"]
[Date "1999.03.14"]
[Round "11.3"]
[White "Petzer, Reinhard"]
[Black "Bachofner, Christian"]
[Result "1-0"]
[WhiteElo "2135"]
[BlackElo "2050"]
[PlyCount "83"]
[EventDate "1999.03.13"]

1. Nf3 d5 2. c4 c6 3. g3 Nf6 4. b3 e6 5. Bg2 Nbd7 6. Bb2 Be7 7. O-O b6 8. d3
Bb7 9. Nbd2 O-O 10. Rc1 c5 11. cxd5 exd5 12. d4 Re8 13. Re1 h6 14. e3 Rc8 15.
dxc5 bxc5 16. Qc2 Qb6 17. h3 Bd6 18. Nh4 Bb8 19. e4 c4 20. Nf5 cxb3 21. Qxb3
Qxb3 22. axb3 Rxc1 23. Rxc1 dxe4 24. Nc4 Bd5 25. Rd1 Be6 26. Nd4 Bxc4 27. bxc4
Be5 28. Ba3 Rc8 29. Bf1 g6 30. Be7 Kg7 31. Nb3 Rb8 32. Nc5 Nxc5 33. Bxc5 a5 34.
Rd2 Bb2 35. Bd6 Rb3 36. c5 Ba3 37. Rc2 Rb1 38. Be5 e3 39. fxe3 Rb7 40. c6 Re7
41. Bxf6+ Kxf6 42. c7 1-0

[Event "AUT2O-chT 1998/99"]
[Site "Stockerau"]
[Date "1999.03.14"]
[Round "11.4"]
[White "Steinert, Martin"]
[Black "Zaynard, Andreas"]
[Result "0-1"]
[WhiteElo "2145"]
[BlackElo "2015"]
[PlyCount "171"]
[EventDate "1999.03.13"]

1. d4 d6 2. c4 Nf6 3. Nf3 Nbd7 4. Nc3 c6 5. g3 e5 6. Bg2 Be7 7. e4 O-O 8. O-O
Re8 9. dxe5 dxe5 10. a3 Qc7 11. b4 a5 12. Rb1 axb4 13. axb4 Nf8 14. h3 Be6 15.
Qe2 N6d7 16. g4 Ng6 17. Nd5 cxd5 18. exd5 Bxd5 19. cxd5 Nb6 20. Qb5 Nc4 21. Re1
Rac8 22. Nd2 Nd6 23. Qa4 Nf4 24. Qb3 Qc2 25. Bf1 f6 26. Qxc2 Rxc2 27. Ne4 Nxd5
28. Nxd6 Bxd6 29. Bg2 Nc3 30. Rb2 Ne2+ 31. Rxe2 Rxc1+ 32. Bf1 b6 33. Red2 Rd8
34. Kg2 Kf8 35. Bd3 g6 36. b5 Ke7 37. Be4 Rc4 38. Bd5 Rf4 39. Ra2 Rd7 40. Bc6
Rc7 41. Ra8 Rd4 42. Rda2 Bc5 43. Rh8 Ke6 44. f3 f5 45. g5 Rd1 46. h4 Rd4 47.
Kh3 e4 48. fxe4 fxe4 49. Re2 Ke5 50. Re8+ Re7 51. Rf8 Rg7 52. Re8+ Re7 53. Rf8
Rd3+ 54. Kg4 Re3 55. Rd2 Rd3 56. Re2 Kd4 57. Rf4 Re3 58. Rd2+ Kc3 59. Rff2 Rd3
60. Rc2+ Kd4 61. Rf6 Rd1 62. Rff2 Kd3 63. Rg2 e3 64. Rce2 Rf7 65. Bd5 Rf8 66.
Bb3 Rdf1 67. Bc2+ Kd4 68. Rg3 R8f4+ 69. Kh3 Ke5 70. Rexe3+ Bxe3 71. Rxe3+ Kd4
72. Re7 Rh1+ 73. Kg3 Rhxh4 74. Rxh7 Rhg4+ 75. Kh3 Rxg5 76. Rg7 Rfg4 77. Rc7 Rg1
78. Kh2 R1g2+ 79. Kh3 Rxc2 80. Rxc2 Rxb5 81. Kg4 Rc5 82. Rd2+ Kc3 83. Rd6 b5
84. Rxg6 b4 85. Kf4 b3 86. Ke4 0-1

[Event "AUT2O-chT 1998/99"]
[Site "Stockerau"]
[Date "1999.03.14"]
[Round "11.2"]
[White "Kummer, Helmut"]
[Black "Groetz, Harald"]
[Result "1/2-1/2"]
[WhiteElo "2315"]
[BlackElo "2225"]
[PlyCount "155"]
[EventDate "1999.03.13"]

1. d4 Nf6 2. c4 g6 3. Nc3 Bg7 4. e4 d6 5. Be2 O-O 6. Bg5 Na6 7. Nf3 Qe8 8. O-O
e5 9. d5 Nc5 10. Nd2 a5 11. Qc2 h6 12. Bh4 g5 13. Bg3 Nfxe4 14. Ndxe4 Nxe4 15.
Nxe4 f5 16. Bd3 f4 17. f3 fxg3 18. Nxg3 e4 19. Bxe4 Qe5 20. Rf2 Bd7 21. Rd1 Kh8
22. Nh5 Rae8 23. Nxg7 Kxg7 24. Re2 b6 25. Rdd2 Qf6 26. Rf2 Re5 27. Rde2 Rfe8
28. Bd3 Rxe2 29. Rxe2 Qd4+ 30. Kf1 Rxe2 31. Bxe2 Qe5 32. Qc3 Qxc3 33. bxc3 Kf6
34. Kf2 Ke5 35. Ke3 Be8 36. Bd3 Bf7 37. g3 Be8 38. h4 gxh4 39. f4+ Kf6 40. g4
Bf7 41. Kf3 Be8 42. a3 Bd7 43. Bc2 Kg7 44. Bd1 Kf6 45. Be2 Kg6 46. Kg2 Kf6 47.
Kh3 h5 48. Kxh4 hxg4 49. Bxg4 Ba4 50. Kg3 Bc2 51. Kf2 Bd3 52. Be2 Bg6 53. Ke3
Be8 54. Bd3 Bd7 55. Kf2 Be8 56. Kg3 Bh5 57. Kf2 Be8 58. Ke3 Bd7 59. Be2 Be8 60.
Bg4 Ba4 61. Kd4 Be8 62. Bc8 Bh5 63. Kd3 Bg6+ 64. Kd2 Be8 65. Ke3 Ba4 66. Kd4
Bd1 67. Bd7 Be2 68. Bb5 Bh5 69. Ke3 Bg4 70. Ba4 Bh5 71. Bc2 Be8 72. Kf3 Bh5+
73. Ke3 Be8 74. Bd3 Bh5 75. Be2 Be8 76. Bg4 Ba4 77. Kf2 Bc2 78. Ke3 1/2-1/2

[Event "AUT2O-chT 1998/99"]
[Site "Stockerau"]
[Date "1999.03.14"]
[Round "11.4"]
[White "Holzer, Gerhard"]
[Black "Wiedermann, Franz"]
[Result "1/2-1/2"]
[WhiteElo "2255"]
[BlackElo "2175"]
[PlyCount "92"]
[EventDate "1999.03.13"]

1. e4 d5 2. exd5 Qxd5 3. Nf3 Nf6 4. Nc3 Qa5 5. Be2 g6 6. O-O Bg7 7. Re1 O-O 8.
Bc4 Re8 9. Ne5 e6 10. Bb3 c6 11. d4 Nbd7 12. Nc4 Qc7 13. Qf3 Nd5 14. Nxd5 cxd5
15. Bf4 Qc6 16. Nd6 Rf8 17. Rad1 Nb6 18. Re3 Na4 19. c4 Nxb2 20. cxd5 Qb6 21.
Rb1 Bxd4 22. Nxc8 Raxc8 23. dxe6 Nc4 24. Ree1 fxe6 25. Bxc4 Bxf2+ 26. Kh1 Bxe1
27. Rxb6 Rxc4 28. g3 axb6 29. Qe2 Rcxf4 30. gxf4 Ba5 31. Qxe6+ Rf7 32. Kg2 Bd2
33. f5 gxf5 34. Qxb6 Bg5 35. Qe6 Kg7 36. Kf3 Re7 37. Qc8 Re3+ 38. Kg2 Re2+ 39.
Kg1 Re1+ 40. Kf2 Re7 41. Qc3+ Bf6 42. Qg3+ Kf7 43. Qf4 Kg6 44. Qg3+ Kf7 45.
Qb3+ Kg7 46. Qg3+ Kf7 1/2-1/2

[Event "AUT2O-chT 1998/99"]
[Site "Stockerau"]
[Date "1999.03.14"]
[Round "11.6"]
[White "Schwab, Rene"]
[Black "Pernerstorfer, Johannes"]
[Result "1-0"]
[WhiteElo "2285"]
[BlackElo "2115"]
[PlyCount "67"]
[EventDate "1999.03.13"]

1. e4 c5 2. Nf3 d6 3. Bb5+ Bd7 4. a4 e6 5. O-O Nf6 6. Re1 a6 7. Bf1 Nc6 8. c3
Ne5 9. d4 Nxf3+ 10. Qxf3 cxd4 11. cxd4 Qb6 12. d5 e5 13. h3 Be7 14. Ra3 O-O 15.
Rb3 Qc7 16. Nc3 Bc8 17. Bg5 Ne8 18. Be3 f5 19. Bb6 Qd7 20. exf5 Rxf5 21. Qg4
Nf6 22. Qc4 Rf4 23. Qc7 Qxc7 24. Bxc7 Nd7 25. Ne4 Rxe4 26. Rxe4 Nc5 27. Reb4 b5
28. axb5 axb5 29. Rxb5 Nxb3 30. Rxb3 Ra7 31. Bb6 Ra1 32. Ra3 Rb1 33. Ra8 Rc1
34. Be3 1-0

[Event "AUT2O-chT 1998/99"]
[Site "Stockerau"]
[Date "1999.03.14"]
[Round "11.1"]
[White "Hardt, Christian"]
[Black "Palkoevi, Jozsef"]
[Result "0-1"]
[WhiteElo "2135"]
[BlackElo "2435"]
[PlyCount "44"]
[EventDate "1999.03.13"]

1. e4 d5 2. exd5 Nf6 3. Be2 Nxd5 4. Nc3 g6 5. Nxd5 Qxd5 6. Nf3 Bg7 7. c4 Qd6 8.
d4 c5 9. dxc5 Qxc5 10. O-O O-O 11. Be3 Qc7 12. Qc1 Re8 13. Nd4 a6 14. Rb1 e5
15. Nc2 Nc6 16. b4 Bf5 17. Rb3 Rac8 18. Rd1 Be6 19. Bc5 b6 20. Bd6 Qb7 21. Ne3
Nd4 22. Rb2 Red8 0-1

[Event "AUT2O-chT 1998/99"]
[Site "Stockerau"]
[Date "1999.03.14"]
[Round "11.2"]
[White "Rumpl, Erwin"]
[Black "Angerer, Michael"]
[Result "1-0"]
[WhiteElo "2210"]
[BlackElo "2085"]
[PlyCount "83"]
[EventDate "1999.03.13"]

1. c4 Nc6 2. Nc3 e5 3. Nf3 d6 4. d4 exd4 5. Nxd4 g6 6. Nxc6 bxc6 7. g3 Bg7 8.
Bg2 Ne7 9. O-O Be6 10. c5 O-O 11. Bg5 f6 12. Bf4 d5 13. Qc2 g5 14. Bc1 Qd7 15.
f4 h6 16. e4 Rad8 17. f5 Bf7 18. Be3 dxe4 19. Bxe4 Rfe8 20. Rad1 Nd5 21. Bd4
Nb4 22. Qa4 Nd5 23. Bg2 Nxc3 24. bxc3 Bd5 25. Bxd5+ cxd5 26. Qxd7 Rxd7 27. Rfe1
Re4 28. Kf2 c6 29. Rb1 Rde7 30. Rxe4 Rxe4 31. Rb7 Re8 32. Rxa7 Rb8 33. g4 Rb2+
34. Kg3 Rd2 35. Rc7 Rxa2 36. Rxc6 Rd2 37. Rd6 Rd3+ 38. Kg2 Rd2+ 39. Kf3 Rd3+
40. Ke2 Rh3 41. c6 Rxh2+ 42. Kd3 1-0

[Event "AUT2O-chT 1998/99"]
[Site "Stockerau"]
[Date "1999.03.14"]
[Round "11.3"]
[White "Simon, Walter"]
[Black "Wadsack, Wolfgang"]
[Result "1/2-1/2"]
[WhiteElo "2070"]
[BlackElo "2180"]
[PlyCount "32"]
[EventDate "1999.03.13"]

1. e4 e6 2. d4 d5 3. Nd2 dxe4 4. Nxe4 Nd7 5. Nf3 Ngf6 6. Bg5 Be7 7. Nxf6+ Bxf6
8. Bxf6 Qxf6 9. Bd3 O-O 10. O-O c5 11. c3 b6 12. Be4 Rb8 13. Re1 Rd8 14. Qa4 a6
15. Qc2 h6 16. Rad1 c4 1/2-1/2

[Event "AUT2O-chT 1998/99"]
[Site "Stockerau"]
[Date "1999.03.14"]
[Round "11.5"]
[White "Stummer, Walter"]
[Black "Bachmayer, Josef"]
[Result "1/2-1/2"]
[WhiteElo "2020"]
[BlackElo "2160"]
[PlyCount "115"]
[EventDate "1999.03.13"]

1. e4 c5 2. Nf3 d6 3. d4 cxd4 4. Nxd4 Nf6 5. Nc3 g6 6. Be3 Bg7 7. f3 O-O 8. Qd2
Nc6 9. Bc4 Bd7 10. h4 Rc8 11. Bb3 Ne5 12. O-O-O a5 13. a4 Nc4 14. Bxc4 Rxc4 15.
h5 Rxc3 16. bxc3 Qc7 17. hxg6 fxg6 18. Nb5 Qc4 19. Qd4 Bxb5 20. axb5 Qxb5 21.
Qb6 Qe5 22. Bd4 Qg5+ 23. Kb2 Qxg2 24. Qb3+ Kh8 25. Qe6 Qg5 26. Qxe7 Qb5+ 27.
Kc1 Qg5+ 28. Kb1 Qb5+ 29. Kc1 Qg5+ 30. Rd2 Qf4 31. Bxf6 Rxf6 32. Qd8+ Rf8 33.
Qh4 Qxh4 34. Rxh4 Be5 35. Rd3 h5 36. Kb2 Kg7 37. Kb3 Kh6 38. Rh1 g5 39. c4 b6
40. Ka4 Rc8 41. Kb3 h4 42. Re3 Kh5 43. Re2 Rf8 44. Re3 g4 45. fxg4+ Kxg4 46.
Rg1+ Kh5 47. Rg2 Rf1 48. Ka4 Bf4 49. Rd3 Re1 50. Kb5 Rxe4 51. Kxb6 Rxc4 52.
Kxa5 Be5 53. Kb5 Rg4 54. Rxg4 Kxg4 55. c4 h3 56. Rxh3 Kxh3 57. c5 dxc5 58. Kxc5
1/2-1/2

[Event "AUT2O-chT 1998/99"]
[Site "Stockerau"]
[Date "1999.03.14"]
[Round "11.1"]
[White "Banas, Jan"]
[Black "Lau, Ralph"]
[Result "1/2-1/2"]
[WhiteElo "2425"]
[BlackElo "2445"]
[PlyCount "31"]
[EventDate "1999.03.13"]

1. d4 Nf6 2. Nf3 e6 3. e3 b6 4. Bd3 Bb7 5. O-O c5 6. Nbd2 Nc6 7. c3 Be7 8. Qe2
O-O 9. a3 cxd4 10. exd4 d6 11. Ne4 Re8 12. Nfg5 h6 13. Nxf6+ Bxf6 14. Ne4 Be7
15. Re1 Bf8 16. Be3 1/2-1/2

[Event "AUT2O-chT 1998/99"]
[Site "Stockerau"]
[Date "1999.03.14"]
[Round "11.2"]
[White "Plachetka, Jan"]
[Black "Neubauer, Martin"]
[Result "1/2-1/2"]
[WhiteElo "2400"]
[BlackElo "2305"]
[PlyCount "40"]
[EventDate "1999.03.13"]

1. e4 e6 2. d4 d5 3. Nd2 dxe4 4. Nxe4 Nd7 5. Nf3 Ngf6 6. Bd3 c5 7. O-O cxd4 8.
Nxd4 Nxe4 9. Bxe4 Nc5 10. Bf3 Be7 11. Be3 O-O 12. c4 a5 13. Nb5 Qb6 14. Bf4 Bd7
15. Bc7 Qa6 16. Qe2 Bc6 17. Rad1 Bxf3 18. Qxf3 Qc6 19. Qe3 Na6 20. Bd6 Bxd6
1/2-1/2

[Event "AUT2O-chT 1998/99"]
[Site "Stockerau"]
[Date "1999.03.14"]
[Round "11.5"]
[White "Chulis, Alexander"]
[Black "Beckhuis, Gernod"]
[Result "0-1"]
[WhiteElo "2125"]
[BlackElo "2245"]
[PlyCount "108"]
[EventDate "1999.03.13"]

1. e4 c5 2. Ne2 Nc6 3. c4 g6 4. d4 cxd4 5. Nxd4 Bg7 6. Be3 Nf6 7. Nc3 Ng4 8.
Qxg4 Nxd4 9. Qd1 Ne6 10. Qd2 Qa5 11. Rc1 b6 12. Be2 Bb7 13. f3 d6 14. O-O g5
15. b3 Qe5 16. Nd5 h5 17. Rfd1 h4 18. h3 Rc8 19. a4 Qb2 20. Qxb2 Bxb2 21. Rb1
Be5 22. a5 bxa5 23. Bxa7 f6 24. Rd2 Kf7 25. Ra2 Ra8 26. Be3 Nd4 27. Bd1 Nc6 28.
Bd2 Bd4+ 29. Kf1 Rhc8 30. Ke2 e6 31. Nc3 Nb4 32. Ra4 d5 33. Nb5 Bc5 34. Rba1
dxe4 35. Rxa5 exf3+ 36. gxf3 e5 37. Na7 Nc6 38. Rxc5 Nd4+ 39. Kd3 Rxc5 40. b4
Rc7 41. b5 Bxf3 42. b6 Rd7 43. Bxf3 Nxf3+ 44. Ke2 Rxd2+ 45. Kxf3 f5 46. Ra3 Rh2
47. Ra5 Rxh3+ 48. Kg2 Rb3 49. Rb5 Rxb5 50. Nxb5 Rb8 51. c5 Ke6 52. Nc7+ Kd7 53.
Na6 Kc8 54. Nb4 Kb7 0-1

[Event "AUT2O-chT 1998/99"]
[Site "Stockerau"]
[Date "1999.03.14"]
[Round "11.6"]
[White "Todor, Razvan"]
[Black "Somasundram, Jayakumar"]
[Result "1-0"]
[WhiteElo "2205"]
[BlackElo "2090"]
[PlyCount "117"]
[EventDate "1999.03.13"]

1. c4 g6 2. Nc3 Bg7 3. Nf3 e5 4. d4 exd4 5. Nxd4 Ne7 6. e4 Nbc6 7. Nc2 O-O 8.
Be2 d6 9. O-O f5 10. Rb1 Be6 11. Bg5 fxe4 12. Nxe4 h6 13. Bd2 Bf5 14. Ng3 Bxc2
15. Qxc2 Nd4 16. Qe4 Nxe2+ 17. Nxe2 d5 18. Qe6+ Rf7 19. Nf4 dxc4 20. Rbd1 Qd6
21. Qxc4 Qd4 22. Qxd4 Bxd4 23. Ne6 Be5 24. Bxh6 Rh7 25. Bf4 Bxb2 26. Rb1 Bf6
27. Nxc7 Rc8 28. Nb5 Nd5 29. Bg3 b6 30. Rbc1 Rc5 31. Rxc5 bxc5 32. Rc1 Re7 33.
h3 Nb4 34. Rxc5 Nxa2 35. Rc6 Kg7 36. Ra6 Nc3 37. Nxc3 Bxc3 38. Bd6 Re4 39. Kh2
Bd4 40. Bb8 Re7 41. f4 Bb6 42. Be5+ Kf7 43. h4 Ke6 44. Kg3 Kf5 45. Kf3 Rh7 46.
g3 Ke6 47. Kg4 Rd7 48. Kg5 Rd3 49. g4 Kf7 50. h5 gxh5 51. Kxh5 Rd5 52. g5 Ra5
53. Rxa5 Bxa5 54. Kh6 Kg8 55. f5 Bd2 56. Kg6 Bb4 57. f6 Kf8 58. f7 Ke7 59. Bg7
1-0

[Event "AUT2O-chT 1998/99"]
[Site "Stockerau"]
[Date "1999.03.14"]
[Round "11.1"]
[White "Koutsin, Sergej"]
[Black "Schweda, Roland"]
[Result "1/2-1/2"]
[WhiteElo "2415"]
[BlackElo "2370"]
[PlyCount "96"]
[EventDate "1999.03.13"]

1. d4 Nf6 2. c4 c6 3. Nc3 d5 4. cxd5 cxd5 5. Nf3 Nc6 6. Bf4 Bf5 7. e3 e6 8. Qb3
Bb4 9. Bb5 O-O 10. O-O Qa5 11. Bxc6 bxc6 12. Bc7 Qxc7 13. Qxb4 Rab8 14. Qa3
Rfc8 15. Na4 Qa5 16. Rfc1 Nd7 17. Rc3 h6 18. h3 Qa6 19. Rac1 Nb6 20. Nxb6 Rxb6
21. Qxa6 Rxa6 22. a3 f6 23. b4 Rb8 24. Nh4 Rbb6 25. Nxf5 exf5 26. Kf1 Kf7 27.
Ke2 Ke7 28. Kd3 Kd6 29. Kc2 Rb7 30. Kb3 Rab6 31. Rc5 Re7 32. Ra5 Reb7 33. Rc3
Re7 34. Kc2 Reb7 35. Kd3 Re7 36. Rcc5 h5 37. h4 Reb7 38. g3 Re7 39. Ra4 a6 40.
Raa5 Ra7 41. Ke2 Re7 42. Rc1 g6 43. Rac5 Rc7 44. Kd3 Rc8 45. Ke2 Rc7 46. Kf3
Re7 47. R1c3 Re8 48. Rc1 Re7 1/2-1/2

[Event "AUT2O-chT 1998/99"]
[Site "Stockerau"]
[Date "1999.03.14"]
[Round "11.2"]
[White "Stranz, Richard"]
[Black "Miniboeck, Guenter"]
[Result "0-1"]
[WhiteElo "2255"]
[BlackElo "2350"]
[PlyCount "71"]
[EventDate "1999.03.13"]

1. e4 c5 2. Nf3 d6 3. Nc3 Nf6 4. e5 dxe5 5. Nxe5 a6 6. Be2 Qc7 7. Nc4 Nc6 8. a4
Be6 9. b3 g6 10. Bb2 Bg7 11. O-O O-O 12. d3 Rad8 13. Bf3 b6 14. Re1 Nd4 15. Ne3
Rd7 16. Rb1 b5 17. axb5 axb5 18. Ne4 Nxe4 19. Bxe4 f5 20. Bf3 Bf7 21. Nf1 e5
22. Nd2 Rfd8 23. Be2 c4 24. bxc4 bxc4 25. Bxd4 Rxd4 26. f3 h5 27. Bf1 c3 28.
Nb3 Rb4 29. Na1 Rb2 30. Rxb2 cxb2 31. Nb3 Bxb3 32. cxb3 Ra8 33. d4 Ra1 34. Bc4+
Kh7 35. Qxa1 bxa1=Q 36. Rxa1 0-1

[Event "AUT2O-chT 1998/99"]
[Site "Stockerau"]
[Date "1999.03.14"]
[Round "11.3"]
[White "Sulyok, Michael"]
[Black "Ranits, Franz"]
[Result "1/2-1/2"]
[WhiteElo "2270"]
[BlackElo "2220"]
[PlyCount "46"]
[EventDate "1999.03.13"]

1. c4 g6 2. Nc3 Bg7 3. g3 e5 4. Bg2 d6 5. e3 f5 6. Nge2 Nf6 7. d4 Nc6 8. b4 O-O
9. b5 Ne7 10. Qb3 Kh8 11. Ba3 Rb8 12. dxe5 dxe5 13. Rd1 Qe8 14. Qb4 Rf7 15. Qc5
Be6 16. Qxe5 Bxc4 17. Qc5 Bxe2 18. Nxe2 c6 19. Bb2 b6 20. Qa3 cxb5 21. Qxa7 Nc6
22. Qa3 Ne5 23. Qb3 Ne4 1/2-1/2

[Event "AUT2O-chT 1998/99"]
[Site "Stockerau"]
[Date "1999.03.14"]
[Round "11.4"]
[White "Krpelan, Wolfgang"]
[Black "Eibersberger, Manfred"]
[Result "1/2-1/2"]
[WhiteElo "2190"]
[BlackElo "2165"]
[PlyCount "41"]
[EventDate "1999.03.13"]

1. e4 c5 2. Nf3 d6 3. d4 cxd4 4. Nxd4 Nf6 5. Nc3 g6 6. Be3 Bg7 7. h3 Nc6 8. Bc4
O-O 9. Bb3 Bd7 10. O-O Rc8 11. f4 a6 12. Nf3 Na5 13. e5 dxe5 14. fxe5 Nh5 15.
Nd5 Nxb3 16. Bb6 Qe8 17. axb3 Be6 18. c4 Bxd5 19. Qxd5 Qc6 20. Qxc6 Rxc6 21.
Bd4 1/2-1/2

[Event "AUT2O-chT 1998/99"]
[Site "Stockerau"]
[Date "1999.03.14"]
[Round "11.6"]
[White "Herbst, Daniel"]
[Black "Herndlbauer, Martin"]
[Result "1/2-1/2"]
[WhiteElo "2135"]
[BlackElo "2155"]
[PlyCount "126"]
[EventDate "1999.03.13"]

1. e4 c5 2. Nc3 Nc6 3. f4 g6 4. Nf3 Bg7 5. Bb5 Nd4 6. a4 e6 7. d3 Ne7 8. e5 a6
9. Bc4 d5 10. exd6 Qxd6 11. Ne4 Qc7 12. c3 Nxf3+ 13. Qxf3 Rb8 14. a5 O-O 15.
Qf2 Nd5 16. O-O Rd8 17. Qxc5 Qxc5+ 18. Nxc5 Nxc3 19. bxc3 Bxc3 20. Be3 Bxa1 21.
Rxa1 Bd7 22. Rb1 Bc6 23. Rb6 Bd5 24. Bxd5 Rxd5 25. Rxb7 Rxb7 26. Nxb7 Rd7 27.
Nc5 Ra7 28. Kf2 Ra8 29. Na4 Kf8 30. Bc5+ Ke8 31. Nb6 Ra7 32. Nd5 Rb7 33. Nf6+
Kd8 34. Nxh7 Rb5 35. d4 Kd7 36. Nf6+ Kc6 37. Bb6 Rf5 38. Ng4 Rxf4+ 39. Kg3 Rf5
40. Ne5+ Kd5 41. h4 Rf1 42. Kh2 Rf4 43. Kh3 Rf1 44. g3 Rf5 45. g4 Rf1 46. Kg2
Rf4 47. Nd3 Rxg4+ 48. Kh3 f5 49. Nb4+ Ke4 50. Nxa6 Kf3 51. Nc5 g5 52. hxg5 Rxg5
53. Kh4 Rg4+ 54. Kh5 Rxd4 55. Nxe6 Ra4 56. Kg5 f4 57. Bc7 Ra1 58. Nxf4 Ke4 59.
Bb6 Ke5 60. Ne2 Kd6 61. Nd4 Ra4 62. Nb3 Kc6 63. Kf5 Rb4 1/2-1/2